| 000 | 00680nam a2200229 u 4500 | ||
|---|---|---|---|
| 005 | 20240924070435.0 | ||
| 008 | 160418s2014 r 000 0 eng d | ||
| 020 | _a9786078418039 | ||
| 035 | _aUPN01000209602 | ||
| 049 | _aI | ||
| 050 | 4 |
_aTR200 _bC6.7 |
|
| 100 | 1 |
_aCortés, Busi, _d1950- _938810 |
|
| 245 | 1 | 0 |
_aRogelio y los rollos velados / _cBusi Cortés ; il. Enrique Torralba. |
| 260 |
_aMéxico : _bCONAPRED : _bSEGOB, _c2014. |
||
| 300 |
_a34 p. : _bil. col. |
||
| 440 | 0 |
_aKipatla. _pPara tratarnos igual |
|
| 650 | 4 |
_aFotografía _918767 |
|
| 650 | 4 |
_aLibros y lectura para niños _92290 |
|
| 700 | 1 |
_aTorralba, Enrique, _eil. |
|
| 905 | _aLibro | ||
| 999 |
_c181703 _d181703 |
||